Top 15 dei paesi con decessi Covid-19 - 22 mag 2021 - Statistics

Statistiche generali
  • Questo quiz è stato fatto 3 volte
  • Il punteggio medio è 11 su 24
Statistiche sulle risposte
decessi
totali
paese % Corretto
108 526 Francia
100%
87 960 Germania
100%
299 256 India
100%
125 153 Italia
100%
118 125 Russia
100%
603 876 Stati Uniti
100%
448 291 Brasile
67%
221 256 Messico
67%
127 716 Regno Unito
67%
79 620 Spagna
67%
73 688 Argentina
33%
Belgio
33%
Bosnia ed Erzegovina
33%
Croazia
33%
67 807 Perù
33%
72 882 Polonia
33%
Bulgaria
0%
Cechia
0%
84 228 Colombia
0%
78 381 Iran
0%
Macedonia del Nord
0%
Slovacchia
0%
Slovenia
0%
Ungheria
0%
Nessun quiz corrispondente trovato
Distribuzione punteggi
Percentuale di utenti per punteggio
Percentile per numero di risposta
I tuoi punteggi nel tempo
Non hai fatto questo quiz